| 000 | 00446nam a22001457a 4500 | ||
|---|---|---|---|
| 005 | 20091109120638.0 | ||
| 008 | 091109t xxu||||| |||| 00| 0 eng d | ||
| 080 |
_a802.0-5 _bGOR |
||
| 100 |
_aGordon, Gerald _99383 |
||
| 245 | _aBasic grammar | ||
| 260 |
_aNew York _bSelf taught _c1961 _99384 |
||
| 300 | _a187p. | ||
| 942 | _cREF | ||
| 952 |
_w2009-11-09 _pG0000296 _r2009-11-09 _40 _00 _bUL _10 _o802.0-5 GOR _d2009-11-09 _70 _2udc _yREF _aUL |
||
| 999 |
_c9938 _d9937 |
||